| 000 | 00457nam a2200181Ia 4500 | ||
|---|---|---|---|
| 001 | 7951 | ||
| 005 | 20260306160533.0 | ||
| 008 | 260306t2013||||xx |||||||||||||| ||spa|| | ||
| 041 | _aESP | ||
| 082 |
_a364.106609728 _bB85 |
||
| 100 |
_aBruneau, Thomas _eAUT |
||
| 245 | 0 |
_aMaras: _bgang violence and security in Central America |
|
| 260 | _c2013 | ||
| 300 |
_aviii, 309 páginas : _c23 cm. |
||
| 650 | _aGEN | ||
| 654 | _aCAN | ||
| 942 |
_cLIB _dJUS _fJUS _2ddc _n |
||
| 999 |
_c7951 _d7951 |
||